000 00633nam a2200241Ia 4500
005 20260430150309.0
008 008 250103s9999 xx 000 0 eng d
037 _aTheses
040 _aCRL
040 _beng
040 _ceng
041 _2eng
041 _aeng
084 _qCRL
100 _aAnand Swaroop Au.; Iffat Jahan Gu.; Naseem Ajmal Gu.
_91237075
245 2 _aA Study of Ideals of L-Subrings
260 _c2022
300 _a149
650 _aMathematics
700 _aUniversity of Delhi. Faculty of Mathematical Sciences . Deptt. of Mathematics
_91237076
942 _cTH
999 _c1849445
_d1849445